000 00943nam a2200349 a 4500
003 AR-BaBNM
005 20251128210210.0
008 082120s2002 ||||||||||||||000 | spa||
020 _a84-87767-07-9
040 _cAR-BaBNM
100 1 _aAguirre de Mena, Olga
245 0 0 _aEducación musical
_bmanual para el profesorado
260 _aMálaga
_bEdiciones Aljibe
_c1992
300 _a215 p.
_bil., diagr.
504 _aContiene bibliografía p. 211-215
650 4 _aEDUCACION ARTISTICA
650 4 _aMUSICA
650 4 _aHISTORIA DEL ARTE
650 4 _aSIGLO VEINTE
650 4 _aMUSICA INSTRUMENTAL
650 4 _aMUSICA CONTEMPORANEA
650 4 _aPSICOMOTRICIDAD
650 4 _aDANZA
650 4 _aDANZAS FOLKLORICAS
650 4 _aPERCEPCION AUDITIVA
650 4 _aCANTO
653 _aEDUCACION PRIMARIA
653 _aDISCAPACIDAD AUDITIVA
700 1 _aMena Gonzalez, Ana de
942 _cBK
998 _cRaquel
999 _c14476
_d14476